Bekannte deutsche Kleinstädte - Statistiken

Allgemein
  • Dieses Quiz wurde 109 mal gespielt
    30 seit der letzten Aktualisierung
  • Das Durchschnittsergebnis liegt bei 6 aus 15
Antwortstatistiken
Hinweis Einwohner BL Stadt % Korrekt
Die Fußballmannschaft dieser Stadt im Erzgebirge spielte 2016-2022 in der 2. Bundesliga 18.868 SN Aue-Bad Schlema
88%
Handlungsort einer Krimiserie von Sat. 1 über einen von Ottfried Fischer gespielten "Bullen" 19.826 BY Bad Tölz
76%
Herkunftsort einer der bekanntesten deutschen Biermarken 17.465 RP Bitburg
76%
Bekannt für ihre Karl-May-Spiele 18.399 SH Bad Segeberg
64%
In der Nähe dieser ehemaligen Römersiedlung befindet sich das Schloss Neuschwanstein 15.287 BY Füssen
64%
Weltberühmt für ihre mittelalterliche Altstadt 11.365 BY Rothenburg ob der Tauber
56%
Hier befindet sich das Hohenzollernschloss 16.884 BW Sigmaringen
40%
Geburtsstadt Friedrich Schillers 15.474 BW Marbach am Neckar
32%
Hafenstadt und Erholungsort auf der Insel Rügen 8893 MV Sassnitz
32%
Sitz des Naturparks Altmühltal 13.891 BY Eichstätt
24%
Burgstadt am Bodensee und Wahlheimat der Dichterin Annette von Droste-Hülshoff 5956 BW Meersburg
24%
Stadt in der Eifel mit Burg, Fachwerkhäusern und der Senfmühle 12.389 NW Monschau
24%
Über dieser Stadt thront die gleichnamige Burgruine, die als eine der größten Europas gilt 16.680 HE Königstein im Taunus
12%
Als "Stadt der Seidenblumen" bekannter Erholungsort 9421 SN Sebnitz
12%
Wegen ihrer Sangestradition, die immaterielles Kulturerbe ist, auch als "Sängerstadt" bezeichnet 15.496 BB Finsterwalde
8%
Keine übereinstimmenden Quizze gefunden
Verteilung der Resultate
Anzahl Personen mit jedem Resultat
Perzentil nach korrekt beantworteten Fragen
Ihre Resultats-Entwicklung
Sie haben dieses Quiz seit der letzten Aktualisierung nicht gespielt